Statistics for Top 15 Countries with Covid-19 Cases - 9 October

Click here to take the quiz!

General Stats

  • This quiz has been taken 16 times
  • The average score is 19 of 24

Answer Stats

country% Correct
France
100%
India
100%
Russia
100%
Spain
100%
United States
100%
Brazil
93%
Chile
93%
Chile
93%
Colombia
93%
Mexico
93%
South Africa
93%
United Kingdom
93%
Argentina
87%
Peru
87%
Iran
80%
Panama
73%
Iraq
60%
Qatar
60%
Bahrain
53%
Costa Rica
53%
Israel
53%
Kuwait
47%
Armenia
40%
Oman
40%

Score Distribution

Percentile by Number Answered

Percent of People with Each Score

Your Score History

You have not taken this quiz